Estados de México en orden alfabético - Estadísticas

Estadísticas generales
  • Esta prueba ha sido intentada 43 veces
  • La puntuación promedio es 22 de 31
Estadísticas de respuestas
Estado % Correcto
B Baja California
97%
A Aguascalientes
86%
B Baja California Sur
84%
C Chiapas
76%
J Jalisco
73%
Q Querétaro
73%
Q Quintana Roo
73%
Y Yucatán
73%
C Campeche
70%
C Chihuahua
70%
D Durango
70%
G Guanajuato
70%
S Sonora
70%
C Colima
68%
G Guerrero
68%
H Hidalgo
68%
M Michoacán
68%
N Nuevo León
68%
O Oaxaca
68%
P Puebla
68%
S Sinaloa
68%
T Tabasco
68%
V Veracruz
68%
M México
65%
M Morelos
65%
N Nayarit
62%
T Tamaulipas
62%
Z Zacatecas
62%
C Coahuila
59%
S San Luis Potosí
59%
T Tlaxcala
59%
No se encontraron pruebas coincidentes
Distribución de puntuación
Porcentaje de gente con cada puntuación
Porcentaje por número respondido
Historial de tus puntuaciones
No has intentado esta prueba.